El caballo fantástico / (Registro nro. 12508)

Detalles MARC
000 -LIDER
fixed length control field 01006nam a22002897a 4500
003 - IDENTIFICACDOR DE NÚMERO DE CONTROL
control field DO-SdBNP
005 - DATE AND TIME OF LATEST TRANSACTION
control field 20180216142759.0
008 - ELEMENTOS DE LONGITUD FIJA
fixed length control field 160718 1989 sp a spa d
020 ## - ISBN
International Standard Book Number 8434816814
040 ## - FUENTE DE CATALOGACIÓN
Agencia que crea de manera original el registro BPMSU
Idioma de catalogación spa
Agencia que realiza la transcripción BPMSU
082 04 - NÚMERO DE CLASIFICACIÓN DECIMAL DE DEWEY
Classification number xxxxxx
Item number xxxxxx
100 1# - ASIENTO PRINCIPAL -- NOMBRE PERSONAL
Nombre personal Ruano, Moisés
245 13 - MENCIÓN DE TITULO
Título El caballo fantástico /
Mención de responsabilidad Moisés Ruano ; ilustraciones Alfonso Ruano
250 ## - MENCIÓN DE EDICION
Mención de edición 4a. ed.
260 ## - PUBLICACIÓN, DISTRIBUCIÓN, ETC. (PIE DE IMPRENTA)
Lugar de publicación, distribución, etc Madrid :
Nombre del editor, distribuidor, etc. SM,
Fecha de publicación, distribución, etc 1989.
300 ## - DESCRIPCIÓN FÍSICA
Extensión [34] p. :
Otros detalles físicos il. ;
Dimensiones 30 cm.
490 0# - MENCIÓN DE SERIES
Mención de serie Cuentos de la torre y la estrella
Volume/sequential designation 18
586 ## - AWARDS NOTE
Awards note Mención de honor en el XI premio europeo de Literatura Juvenil "Pier Paolo Vergerio".
586 ## - AWARDS NOTE
Awards note Premio Lazarillo de ilustración, 1984.
586 ## - AWARDS NOTE
Awards note Diploma de honor de la feria internacional de Leipzig, 1986.
586 ## - AWARDS NOTE
Awards note Premio nacional de Ilustración, 1986.
700 12 - ASIENTO SECUNDARIO -- NOMBRE PERSONAL
Nombre personal Ruano, Alfonso
Mención de responsabilidad il.
830 #0 - ASIENTO SECUNDARIO DE SERIE--TÍTULO UNIFORME
Título uniforme Cuentos de la torre y la estrella
Número de la parte o sección de una obra 18
942 ## - ADDED ENTRY ELEMENTS (KOHA)
Source of classification or shelving scheme Dewey Decimal Classification
Koha item type Libros
945 ## - INFORMACIÓN DE PROCESAMIENTO LOCAL
Información de procesamiento local Inventariado, 2018 / BT
956 ## - LOCAL ELECTRONIC LOCATION AND ACCESS (OCLC)
Método de acceso YLOCKWARD
Materiales especificados 10
Campo enlazado y núm. de secuencia BPMSU
Nombre de host 00144
Existencias
Withdrawn status Lost status Source of classification or shelving scheme Damaged status Not for loan Collection code Home library Current library Date acquired Source of acquisition Total Checkouts Full call number Barcode Date last seen Price effective from Koha item type
    Dewey Decimal Classification     Colección Infantil General Biblioteca Pública Metropolitana Salomé Ureña Biblioteca Pública Metropolitana Salomé Ureña 01/18/2017 Agencia Internacional del Japón   xxxxxx xxxxxx BPMSU17010722 01/18/2017 01/18/2017 Libros